01534 a2200205 45000010006000000050017000060080041000230030015000640400040000790800122001192450122002410200022003632640030003853000018004155050713004330410008011461000051011547000024012058560099012294491920260407155724.0260407a2010 arg spa dAR-UNSa-BCEJYS aAR-UNSa-BCEJYSbspacAR-UNSa-BCEJYS a304.4(82)xAspectos generales de las políticas y prácticas sociales y culturales en Argentina (política social)10aAportes para la construcción de un piso de protección social en Argentinapel caso de las asignaciones familiares a978-92-2-324138-4 1aBuenos Aires :bOITc2010 a82 p.c25 cm. a1. Introducción – 2. La necesidad de la protección social – 3. Estrategia para la ampliación de la cobertura: el Piso de Protección Social como parte de un sistema – 4. La protección social en Argentina: avances y desafíos – 5. Política social para la infancia y adolescencia: las asignaciones familiares como parte de un PPS – 6. La experiencia internacional en transferencia para la niñez: casos relevantes en América Latina – 7. La reforma de las asignaciones familiares en Argentina – 8. Evaluación del impacto de la reforma en las asignaciones familiares – 9. Conclusiones y desafíos para la política de protección social – 10. Referencias bibliográficas -  aspa1 aOrganización Internacional del Trabajo (OIT)1 aBertranou, Fabio M.41uhttps://www.biblioeco.unsa.edu.ar/pmb/images/libros/L127042.jpgyImagen de portadaqimage/jpeg